[Event "Badalona op-B 42nd"]
[Site "Badalona"]
[Date "2016.08.07"]
[Round "6"]
[White "Colom Andres, Xavier"]
[Black "Corrales Adamuz, Cristian"]
[Result "1-0"]
[WhiteElo "1790"]
[BlackElo "1878"]
[PlyCount "58"]
[EventDate "2016.08.02"]
[EventType "swiss"]
[EventRounds "9"]
[EventCountry "ESP"]
[SourceTitle "CBM 174 Extra"]
[Source "ChessBase"]
[SourceDate "2016.10.10"]
[SourceVersion "1"]
[SourceVersionDate "2016.10.10"]
[SourceQuality "1"]

1. d4 d5 2. c4 dxc4 3. Nf3 Nf6 4. Nc3 e6 5. Bg5 Be7 6. e3 a6 7. Bxc4 b5 8. Bd3 Bb7 9. 0-0 0-0 10. Qc2 Bxf3 11. gxf3 h6 12. Bf4 Nbd7 13. Rfe1 Bd6 14. Be5 Qe7 15. f4 Rac8 16. a4 b4 17. Ne4 Nxe4 18. Bxe4 f6 19. Bxd6 cxd6 20. Qe2 d5 21. Bd3 a5 22. Rac1 Nb6 23. b3 e5 24. Bf5 Rxc1 25. Rxc1 Qe8 26. Qg4 h5 27. Qg2 exf4 28. Rc7 g5 29. Qf3 fxe3 1-0

[Event "Foment Martinenc op-A 15th"]
[Site "Barcelona"]
[Date "2013.06.01"]
[Round "7"]
[White "Corrales Adamuz, Cristian"]
[Black "Pozanco Romasanta, Marc"]
[Result "1/2-1/2"]
[WhiteElo "1859"]
[BlackElo "2046"]
[PlyCount "70"]
[EventDate "2013.04.20"]
[EventType "swiss"]
[EventRounds "9"]
[EventCountry "ESP"]
[SourceTitle "CBM 154 Extra"]
[Source "ChessBase"]
[SourceDate "2013.06.25"]
[SourceVersion "2"]
[SourceVersionDate "2013.06.25"]
[SourceQuality "1"]

1. c4 Nf6 2. Nc3 e6 3. g3 d5 4. Bg2 c6 5. b3 Bd6 6. e3 0-0 7. Nge2 Nbd7 8. f4 Nb6 9. d3 e5 10. c5 Bxc5 11. fxe5 Ng4 12. d4 Bb4 13. h3 Nh6 14. e4 dxe4 15. Bxh6 gxh6 16. 0-0 Nd5 17. Nxe4 f5 18. exf6 Nxf6 19. Qd3 Nxe4 20. Bxe4 Rxf1+ 21. Rxf1 Qe7 22. Bxh7+ Kh8 23. Be4 Bxh3 24. Rf2 Re8 25. Bf5 Bxf5 26. Qxf5 Bd2 27. Nf4 Qe1+ 28. Kg2 Bxf4 29. Qxf4 Qe4+ 30. Qxe4 Rxe4 31. Rf7 Rxd4 32. Rxb7 Rd2+ 33. Kh3 Rxa2 34. Rc7 Ra6 35. Kg4 Rb6 1/2-1/2

[Event "Cerdanyola del Valles op 30th"]
[Site "Cerdanyola del Valles"]
[Date "2012.10.06"]
[Round "2"]
[White "Povill Claros, Xavier"]
[Black "Corrales Adamuz, Cristian"]
[Result "1/2-1/2"]
[WhiteElo "1690"]
[BlackElo "1824"]
[PlyCount "34"]
[EventDate "2012.09.29"]
[EventType "swiss"]
[EventRounds "8"]
[EventCountry "ESP"]
[SourceTitle "EXT 2014"]
[Source "ChessBase"]
[SourceDate "2013.11.20"]
[SourceVersion "1"]
[SourceVersionDate "2013.11.20"]
[SourceQuality "1"]

1. e4 e5 2. Nf3 Nc6 3. Bb5 a6 4. Bxc6 dxc6 5. d4 Bg4 6. dxe5 Qxd1+ 7. Kxd1 0-0-0+ 8. Ke1 Bc5 9. Bf4 Bxf3 10. gxf3 f6 11. Ke2 Bd4 12. c3 Bxe5 13. Bxe5 fxe5 14. Na3 Ne7 15. Rad1 Ng6 16. Nc4 Nf4+ 17. Ke3 Ng2+ 1/2-1/2

[Event "Cerdanyola del Valles op-A 29th"]
[Site "Cerdanyola del Valles"]
[Date "2011.10.15"]
[Round "3"]
[White "Penas Hernandez, Yolanda"]
[Black "Corrales Adamuz, Cristian"]
[Result "1/2-1/2"]
[WhiteElo "2005"]
[BlackElo "1862"]
[PlyCount "89"]
[EventDate "2011.10.01"]
[EventType "swiss"]
[EventRounds "8"]
[EventCountry "ESP"]
[SourceTitle "EXT 2013"]
[Source "ChessBase"]
[SourceDate "2012.11.22"]
[SourceVersion "1"]
[SourceVersionDate "2012.11.22"]
[SourceQuality "1"]

1. e4 e5 2. Nf3 Nc6 3. Bb5 a6 4. Ba4 Nf6 5. d3 d6 6. c3 b5 7. Bc2 g6 8. 0-0 Bg7 9. a4 b4 10. a5 Rb8 11. Ba4 Bd7 12. Re1 0-0 13. Nbd2 Nh5 14. Nc4 Ne7 15. Bd2 Nf4 16. Bxf4 exf4 17. Qd2 bxc3 18. bxc3 Bxa4 19. Rxa4 Rb3 20. e5 Nd5 21. Ra3 Qb8 22. Rxb3 Qxb3 23. Rc1 dxe5 24. Ncxe5 Re8 25. d4 f6 26. Nd3 Qc4 27. Rc2 g5 28. Nb2 Qb3 29. h3 Bf8 30. Qd3 Ba3 31. Nc4 Nb4 32. Qf5 Qxc2 33. Qd7 Qb1+ 34. Kh2 Qg6 35. Nxa3 Nd3 36. Qxc7 Nxf2 37. Qc4+ Kg7 38. Qxa6 g4 39. Qb7+ Kh8 40. hxg4 Qxg4 41. Qf7 Qg3+ 42. Kg1 Nh3+ 43. Kh1 Nf2+ 44. Kg1 Nh3+ 45. Kh1 1/2-1/2

[Event "Llinars del Valles op-A 5th"]
[Site "Llinars del Valles"]
[Date "2011.05.14"]
[Round "3"]
[White "Shatko, Danil"]
[Black "Corrales Adamuz, Cristian"]
[Result "1-0"]
[WhiteElo "2049"]
[BlackElo "1883"]
[PlyCount "47"]
[EventDate "2011.04.30"]
[EventType "swiss"]
[EventRounds "7"]
[EventCountry "ESP"]
[SourceTitle "EXT 2012"]
[Source "ChessBase"]
[SourceDate "2011.11.24"]
[SourceVersion "1"]
[SourceVersionDate "2011.11.24"]
[SourceQuality "1"]

1. d4 d5 2. c4 e6 3. Nc3 Nf6 4. cxd5 exd5 5. Bg5 Be7 6. Qc2 c6 7. e3 Qa5 8. Bd3 Nbd7 9. Nge2 c5 10. 0-0 c4 11. Bf5 Nf8 12. Bxc8 Rxc8 13. Bxf6 Bxf6 14. Nf4 Rd8 15. Ncxd5 Rxd5 16. Qe4+ Re5 17. dxe5 Qxe5 18. Qxc4 Ne6 19. Nxe6 Qxe6 20. Qxe6+ fxe6 21. Rac1 0-0 22. Rc7 Rb8 23. b3 a5 24. Rfc1 1-0

[Event "San Marti op U20 12th"]
[Site "San Marti"]
[Date "2010.07.19"]
[Round "7"]
[White "Corrales Adamuz, Cristian"]
[Black "Fernandez Diaz, Cristian"]
[Result "1/2-1/2"]
[WhiteElo "1820"]
[BlackElo "1930"]
[PlyCount "50"]
[EventDate "2010.07.13"]
[EventType "swiss"]
[EventRounds "9"]
[EventCountry "ESP"]
[SourceTitle "EXT 2012"]
[Source "ChessBase"]
[SourceDate "2011.11.24"]
[SourceVersion "1"]
[SourceVersionDate "2011.11.24"]
[SourceQuality "1"]

1. c4 c6 2. Nc3 Nf6 3. e4 d5 4. cxd5 cxd5 5. e5 Nfd7 6. d4 e6 7. a3 Nc6 8. Nf3 f6 9. exf6 Nxf6 10. Ne5 Be7 11. Bb5 Bd7 12. Nxd7 Qxd7 13. Be3 0-0 14. f4 a6 15. Be2 Rac8 16. Rc1 b5 17. b4 Ne8 18. Bg4 Bf6 19. Qd3 g6 20. h4 Ng7 21. h5 Nf5 22. Bxf5 exf5 23. hxg6 hxg6 24. g4 Rce8 25. Kd2 fxg4 1/2-1/2

[Event "San Marti op U20 12th"]
[Site "San Marti"]
[Date "2010.07.17"]
[Round "5"]
[White "Corrales Adamuz, Cristian"]
[Black "Rios Berral, Javier"]
[Result "1-0"]
[WhiteElo "1820"]
[BlackElo "1848"]
[PlyCount "93"]
[EventDate "2010.07.13"]
[EventType "swiss"]
[EventRounds "9"]
[EventCountry "ESP"]
[SourceTitle "EXT 2012"]
[Source "ChessBase"]
[SourceDate "2011.11.24"]
[SourceVersion "1"]
[SourceVersionDate "2011.11.24"]
[SourceQuality "1"]

1. c4 c5 2. Nc3 Nc6 3. g3 d6 4. Bg2 g6 5. d3 Bg7 6. e3 a6 7. Nge2 Nf6 8. 0-0 0-0 9. a3 Be6 10. Rb1 Qd7 11. Nf4 Rab8 12. Nxe6 fxe6 13. b4 cxb4 14. axb4 b5 15. cxb5 axb5 16. Qb3 Ne5 17. Rd1 Nfg4 18. f4 Nf7 19. d4 d5 20. Ra1 Nd6 21. Bf1 Nf5 22. Ne2 Rfc8 23. h3 Nf6 24. Kg2 Ne4 25. Bd2 Rc7 26. Be1 Rbc8 27. Rac1 Rc2 28. Rxc2 Rxc2 29. g4 Nc3 30. Bxc3 Nxe3+ 31. Kf3 Rxe2 32. Bxe2 Nxd1 33. Qxd1 Qc6 34. Qd3 Kf7 35. Bb2 Kf8 36. g5 Kf7 37. Qc3 Qa6 38. Qa3 Qc6 39. Bd3 Qb6 40. Qa5 Bxd4 41. Qxb6 Bxb6 42. Bxb5 Bc7 43. Bd4 Bb8 44. Bd7 Bc7 45. b5 Bb8 46. b6 h6 47. Be5 1-0

[Event "San Marti op U20 12th"]
[Site "San Marti"]
[Date "2010.07.14"]
[Round "2"]
[White "Amor Alcaide, Manuel"]
[Black "Corrales Adamuz, Cristian"]
[Result "1/2-1/2"]
[WhiteElo "1978"]
[BlackElo "1820"]
[PlyCount "105"]
[EventDate "2010.07.13"]
[EventType "swiss"]
[EventRounds "9"]
[EventCountry "ESP"]
[SourceTitle "EXT 2012"]
[Source "ChessBase"]
[SourceDate "2011.11.24"]
[SourceVersion "1"]
[SourceVersionDate "2011.11.24"]
[SourceQuality "1"]

1. b4 e5 2. Bb2 d6 3. d3 f5 4. e3 Nf6 5. Nd2 Nbd7 6. Ngf3 Be7 7. c4 c5 8. Ng5 Qb6 9. b5 h6 10. Ngf3 a6 11. a4 a5 12. Nh4 Nf8 13. Qf3 g5 14. Nxf5 g4 15. Nxd6+ Qxd6 16. Qe2 Bf5 17. 0-0-0 0-0-0 18. g3 Bxd3 19. Qxd3 Qxd3 20. Bxd3 Rxd3 21. Bxe5 Ng6 22. Bb2 Rf8 23. Rhf1 b6 24. Kc2 Rfd8 25. Bc3 Ne8 26. Rde1 Bf6 27. Ne4 Bxc3 28. Nxc3 R3d6 29. Nd5 Nf6 30. e4 Re8 31. h3 h5 32. hxg4 hxg4 33. Rh1 Rxe4 34. Rxe4 Nxe4 35. Rh6 Ne5 36. Rh8+ Kd7 37. Rh7+ Ke8 38. Re7+ Kd8 39. Rxe5 Nxf2 40. Re2 Nh3 41. Kd3 Ng5 42. Re5 Nf3 43. Re4 Nh2 44. Ke3 Nf1+ 45. Kf2 Nd2 46. Rxg4 Nxc4 47. Rxc4 Rxd5 48. Ke3 Ke7 49. Rh4 Rd6 50. Rf4 Rd1 51. Rh4 Rg1 52. Kf2 Ra1 53. Ke2 1/2-1/2

[Event "Llobregat op 1st"]
[Site "Llobregat"]
[Date "2007.12.29"]
[Round "4"]
[White "Gonzalez Garcia, Sergi"]
[Black "Corrales Adamuz, Cristian"]
[Result "1-0"]
[WhiteElo "1911"]
[BlackElo "1793"]
[PlyCount "125"]
[EventDate "2007.12.26"]
[EventType "swiss"]
[EventRounds "9"]
[EventCountry "ESP"]
[SourceTitle "CBM 122 Extra"]
[Source "ChessBase"]
[SourceDate "2008.03.04"]
[SourceVersion "1"]
[SourceVersionDate "2008.03.04"]
[SourceQuality "1"]

1. e4 e5 2. Nf3 Nc6 3. d4 exd4 4. Nxd4 Bc5 5. Be3 Bb6 6. Nc3 d6 7. Bb5 Bd7 8. Bxc6 bxc6 9. 0-0 Ne7 10. Kh1 0-0 11. f4 c5 12. Nf3 Bg4 13. Qe1 Bxf3 14. Rxf3 Nc6 15. Rd1 Nd4 16. Bxd4 cxd4 17. Nd5 c6 18. Nxb6 Qxb6 19. Rb3 Qc5 20. Qd2 f5 21. Qxd4 Qxc2 22. Rb7 Rf6 23. e5 Rg6 24. Rg1 d5 25. Qb4 h5 26. Qe7 Qe4 27. Qh4 Qe2 28. Qh3 Rf8 29. Qf3 Qxf3 30. gxf3 Rxg1+ 31. Kxg1 Rf7 32. Rb8+ Kh7 33. b4 Rc7 34. Kf2 g6 35. Ke3 Kg7 36. Kd4 Kf7 37. Kc5 Ke7 38. Rg8 Kf7 39. Rd8 Ke7 40. Rd6 Kf7 41. Rf6+ Kg7 42. Kd6 Rb7 43. a3 Rb6 44. Kc5 Ra6 45. a4 Rxa4 46. Rxc6 Ra3 47. Rc7+ Kh6 48. Kxd5 Rxf3 49. e6 Rxf4 50. e7 Re4 51. Kd6 Kg5 52. Rc8 f4 53. e8Q Rxe8 54. Rxe8 f3 55. Rf8 Kg4 56. Kd5 g5 57. Ke4 Kh3 58. Rxf3+ Kxh2 59. Rf5 h4 60. Rxg5 h3 61. b5 Kh1 62. Kd5 h2 63. Rh5 1-0